000 01298nam0a2200385 4500
001 RU\NLR\bibl\120110
005 20250617100323.0
010 _a5-901094-19-0
_95000
021 _aRU
_b2000-30771
_91443
035 _a(NLR Aleph) 000117622
090 _a668959
_c668959
100 _a20001012d2000 |||y0rusy50 ca
101 0 _arus
102 _aRU
105 _ay |||||||||
200 1 _aБиблия
_eКн. Свящ. Писания Ветхого Завета
_eНа церков.-славян. чз. с парал. местами
205 _a[Репр. изд.]
210 _aТутаев
_cПравосл. братство св. кн. Бориса и Глеба
_d2000
215 _a1333,[1] с.
_d24
300 _aЗагл. обл.: Бiблiа. Ветхiй Заветъ
512 1 _aБiблiа. Ветхiй Заветъ
605 _aБиблия
_iВетхий Завет
_91024157
_3RU\NLR\auth\6674151
610 0 _aВетхий Завет
675 _a221
_v3
_zrus
686 _a21.01
_2rugasnti
686 _a86.3
_2rubbk
686 _aЭ37-210.1
801 0 _aRU
_bRKP
_c20001012
_gPSBO
801 1 _aRU
_bRKP
_c20001012
801 2 _aRU
_bNLR
_c20010109
_grcr
852 _aNLR
_j2000-7/2335
942 _cBOOK
980 _aNB